000 00332nam a2200145Ia 4500
005 20251222144808.0
008 251222s9999||||xx |||||||||||||| ||spa||
020 _a9789586993258
082 _a658.154/D68
100 _aDíaz, María Constanza
245 0 _aPresupuestos
250 _a2da.ed.
264 _bPEARSON
942 _cLIB
999 _c20013
_d20013